[Event "WJCC U20 Open 2019"]
[Site "New Delhi"]
[Date "2019.10.22"]
[Round "8.44"]
[White "Swarnavo Choudhury"]
[Black "Mohd Saprin, Amir Ghaazi"]
[Result "0-1"]
[WhiteElo "1797"]
[BlackElo "1942"]
[Annotator "NA"]
[PlyCount "136"]
[EventDate "2019.10.15"]
[EventType "swiss"]
[EventCountry "IND"]
[SourceTitle "playchess.com"]
[Source "ChessBase"]
[SourceQuality "1"]
[TimeControl "40/5400+30:1800+30"]

1. e4 e5 {[%emt 0:03:30]} 2. Nf3 {[%emt 0:00:00]} Nc6 {[%emt 0:00:05]} 3. Bb5 {[%emt 0:00:00]} a6 {[%emt 0:00:08]} 4. Ba4 {[%emt 0:00:00]} Nf6 {[%emt 0:00:05]} 5. O-O {[%emt 0:00:00]} b5 {[%emt 0:00:04]} 6. Bb3 {[%emt 0:00:11]} Bc5 {[%emt 0:00:08]} 7. a4 {[%emt 0:02:18]} Rb8 {[%emt 0:02:21]} 8. axb5 {[%emt 0:01:16]} axb5 {[%emt 0:00:13]} 9. Nxe5 {[%emt 0:02:29]} Nxe5 {[%emt 0:01:45]} 10. d4 {[%emt 0:00:12]} Bxd4 {[%emt 0:00:12]} 11. Qxd4 {[%emt 0:00:14]} d6 {[%emt 0:01:31]} 12. f4 {[%emt 0:01:19]} c5 {[%emt 0:02:17]} 13. Qc3 {[%emt 0:03:57]} b4 {[%emt 0:43:18]} 14. Qe1 {[%emt 0:06:21]} Ng6 {[%emt 0:01:52]} 15. e5 {[%emt 0:17:04]} dxe5 {[%emt 0:09:26]} 16. fxe5 {[%emt 0:05:25]} Nd5 {[%emt 0:02:45]} 17. Qe4 {[%emt 0:02:01]} Be6 {[%emt 0:01:53]} 18. Rd1 {[%emt 0:00:41]} c4 {[%emt 0:11:09]} 19. Bxc4 {[%emt 0:02:01]} Qb6+ {[%emt 0:00:14]} 20. Kh1 {[%emt 0:00:09]} Nc7 {[%emt 0:01:46]} 21. Be3 {[%emt 0:00:32]} Qb7 {[%emt 0:00:31]} 22. Qxb7 {[%emt 0:07:07]} Rxb7 {[%emt 0:00:04]} 23. Bxe6 {[%emt 0:00:20]} Nxe6 {[%emt 0:00:03]} 24. Ra8+ {[%emt 0:03:06]} Ke7 {[%emt 0:00:06]} 25. Ra5 {[%emt 0:00:11]} Rc8 {[%emt 0:01:11]} 26. c3 {[%emt 0:01:19]} bxc3 {[%emt 0:00:38]} 27. bxc3 {[%emt 0:00:23]} Rc4 {[%emt 0:00:24]} 28. Rad5 {[%emt 0:05:07]} Re4 {[%emt 0:02:45]} 29. Bd4 {[%emt 0:01:52]} Re2 {[%emt 0:01:21]} 30. Ra5 {[%emt 0:00:45]} Nh4 {[%emt 0:02:24]} 31. Ra7 {[%emt 0:08:34]} Rxa7 {[%emt 0:01:28]} 32. Bxa7 {[%emt 0:00:08]} Rxg2 {[%emt 0:01:48]} 33. Rf1 {[%emt 0:04:02]} Re2 {[%emt 0:01:50]} 34. Bd4 {[%emt 0:02:09]} Ng5 {[%emt 0:02:30]} 35. Bf2 {[%emt 0:03:06]} Nhf3 {[%emt 0:00:35]} 36. Kg2 {[%emt 0:01:42]} Ke6 {[%emt 0:00:48]} 37. h4 {[%emt 0:00:19]} Nxh4+ {[%emt 0:00:13]} 38. Kh1 {[%emt 0:01:45]} Nf5 {[%emt 0:00:35]} 39. Na3 {[%emt 0:00:11]} Ne4 {[%emt 0:00:24]} 40. Kg1 {[%emt 0:00:12]} Nxc3 {[%emt 0:01:08]} 41. Nc4 {[%emt 0:30:05]} Re4 {[%emt 0:30:42]} 42. Nd2 {[%emt 0:00:10]} Rg4+ {[%emt 0:04:17]} 43. Kh2 {[%emt 0:00:11]} Ne4 {[%emt 0:00:00]} 44. Nf3 {[%emt 0:00:00]} Nxf2 {[%emt 0:00:00]} 45. Rxf2 {[%emt 0:00:00]} Nd4 {[%emt 0:00:00]} 46. Kh3 {[%emt 0:00:00]} h5 {[%emt 0:00:00]} 47. Nd2 {[%emt 0:00:00]} Nc6 {[%emt 0:00:00]} 48. Nf3 {[%emt 0:00:00]} Nxe5 {[%emt 0:00:00]} 49. Nxe5 {[%emt 0:00:00]} Kxe5 {[%emt 0:00:00]} 50. Rxf7 {[%emt 0:00:00]} g6 {[%emt 0:00:00]} 51. Rg7 {[%emt 0:00:00]} Kf6 {[%emt 0:00:00]} 52. Ra7 {[%emt 0:00:00]} Kg5 {[%emt 0:00:00]} 53. Ra5+ {[%emt 0:00:00]} Kh6 {[%emt 0:00:00]} 54. Ra6 {[%emt 0:00:00]} Rb4 {[%emt 0:00:00]} 55. Kg3 {[%emt 0:00:00]} h4+ {[%emt 0:00:00]} 56. Kh3 {[%emt 0:00:00]} Kh5 {[%emt 0:00:00]} 57. Ra3 {[%emt 0:00:00]} g5 {[%emt 0:00:00]} 58. Ra2 {[%emt 0:00:00]} Rb3+ {[%emt 0:00:00]} 59. Kg2 {[%emt 0:00:00]} h3+ {[%emt 0:00:00]} 60. Kh2 {[%emt 0:00:00]} Kh4 {[%emt 0:00:00]} 61. Ra1 {[%emt 0:00:00]} g4 {[%emt 0:00:00]} 62. Kh1 {[%emt 0:00:00]} Rb2 {[%emt 0:00:00]} 63. Rc1 {[%emt 0:00:00]} Rf2 {[%emt 0:00:00]} 64. Ra1 {[%emt 0:00:00]} Rf4 {[%emt 0:00:00]} 65. Kg1 {[%emt 0:00:00]} Rb4 {[%emt 0:00:00]} 66. Rc1 {[%emt 0:00:00]} g3 {[%emt 0:00:00]} 67. Kh1 {[%emt 0:00:00]} h2 {[%emt 0:00:14]} 68. Rc8 {[%emt 0:00:00]} Rb1+ {[%emt 0:00:17]} 0-1

[Event "WJCC U20 Open 2019"]
[Site "New Delhi"]
[Date "2019.10.22"]
[Round "8.45"]
[White "Sivathanujan, S."]
[Black "Davis, Holden"]
[Result "1-0"]
[WhiteElo "1766"]
[BlackElo "1817"]
[Annotator "NA RC"]
[PlyCount "48"]
[EventDate "2019.10.15"]
[EventType "swiss"]
[EventCountry "IND"]
[SourceTitle "playchess.com"]
[Source "ChessBase"]
[SourceQuality "1"]
[TimeControl "40/5400+30:1800+30"]

1. e4 {[%emt 0:00:00]} e6 {[%emt 0:00:00]} 2. d4 {[%emt 0:00:00]} d5 {[%emt 0:00:00]} 3. Nd2 {[%emt 0:00:00]} Nf6 {[%emt 0:00:06]} 4. e5 {[%emt 0:00:00]} Nfd7 {[%emt 0:00:04]} 5. Bd3 {[%emt 0:00:07]} c5 {[%emt 0:00:06]} 6. c3 {[%emt 0:00:05]} Nc6 {[%emt 0:00:04]} 7. Ne2 {[%emt 0:01:06]} cxd4 {[%emt 0:00:06]} 8. cxd4 {[%emt 0:00:07]} f6 {[%emt 0:00:03]} 9. Nf4 {[%emt 0:08:09]} Nxd4 {[%emt 0:01:14]} 10. Qh5+ {[%emt 0:00:19]} Ke7 {[%emt 0:00:09]} 11. Ng6+ {[%emt 0:02:23]} hxg6 {[%emt 0:00:16]} 12. exf6+ {[%emt 0:00:37]} Nxf6 {[%emt 0:00:06]} 13. Qxh8 {[%emt 0:00:07]} Kf7 {[%emt 0:00:06]} 14. Qh4 {[%emt 0:03:23]} e5 {[%emt 0:00:09]} 15. O-O {[%emt 0:04:43]} e4 {[%emt 0:02:47]} 16. Bxe4 {[%emt 0:09:01]} dxe4 {[%emt 0:00:11]} 17. Nxe4 {[%emt 0:00:06]} Ne2+ {[%emt 0:05:11]} 18. Kh1 {[%emt 0:00:34]} Nxc1 {[%emt 0:10:20]} 19. Ng5+ {[%emt 0:04:36]} Kg8 {[%emt 0:00:39]} 20. Raxc1 {[%emt 0:00:11]} Qd5 {[%emt 0:16:17]} 21. Rfd1 {[%emt 0:01:51]} Qb5 {[%emt 0:16:43]} 22. Rd8 {[%emt 0:03:28]} b6 {[%emt 0:03:51]} 23. a4 {[%emt 0:04:22]} Qe2 {[%emt 0:00:27]} 24. Qb4 {[%emt 0:00:32]} Nd7 1-0

[Event "WJCC U20 Open 2019"]
[Site "New Delhi"]
[Date "2019.10.23"]
[Round "9.1"]
[White "Shtembuliak, Evgeny"]
[Black "Costachi, Mihnea"]
[Result "1-0"]
[WhiteElo "2577"]
[BlackElo "2463"]
[Annotator "TA"]
[PlyCount "69"]
[EventDate "2019.10.15"]
[EventType "swiss"]
[EventCountry "IND"]
[SourceTitle "playchess.com"]
[Source "ChessBase"]
[SourceQuality "1"]

{[%evp 11,68,-9,0,-7,-7,-10,0,8,7,0,33,22,33,18,30,35,29,19,32,18,27,18,13,22,33,18,34,5,14,2,16,17,0,12,5,11,23,24,48,56,66,59,59,54,746,716,694,681,29988,29989,29989,29990,29990,29991,29997,29998,29998,29999,29999]} 1. c4 Nf6 ({Predecessor:} 1... e5 2. Nc3 {1-0 (31) Gajewski,G (2630)-Arvola,B (2458) Fornebu 2017}) 2. Nc3 e5 3. Nf3 Nc6 4. e3 Bb4 5. Qc2 Bxc3 6. bxc3 O-O 7. d3 {A28: English Opening: Four Knights Variation} d6 8. Be2 Qe7 $146 (8... Ne8 9. O-O f5 10. Ne1 Nf6 11. c5 d5 12. d4 e4 13. c4 Be6 14. Rb1 Rb8 {0-1 (56) Le,Q (2708)-Aronian,L (2758) Khanty-Mansiysk 2019}) 9. e4 {The position is equal.} Nh5 10. g3 f5 11. exf5 Bxf5 {Threatens to win with ...e4.} 12. Nh4 Qf7 $1 13. Nxf5 Qxf5 14. Be3 Nf6 15. O-O Ng4 16. Rab1 b6 17. Qd1 h5 ({Much worse is} 17... Nxe3 18. fxe3 Qd7 19. Bf3 $16) 18. Bd2 Ne7 ({Don't go for} 18... Nxf2 $2 19. Qe1 $18) 19. f4 Qg6 20. Bf3 Qxd3 21. Bxa8 Rxa8 22. fxe5 Nxe5 23. c5 bxc5 24. Bf4 {Bxe5 is the strong threat.} Nd5 25. Bxe5 Qe3+ 26. Kh1 Qxe5 27. Qf3 $36 {[%mdl 2048] [#] aiming for Rbe1. White is more active.} c6 $2 {[%mdl 8192]} (27... Re8 $14) 28. Qf7+ Kh7 29. Rbe1 Qxc3 30. Qxh5+ {White mates.} Kg8 31. Qf7+ Kh8 32. Re4 {[%cal Re4h4]} Nf6 33. Rh4+ Nh7 {[#]} 34. Qf8+ $1 {[%mdl 576] Back Rank} Rxf8 35. Rxf8# {Accuracy: White = 98%, Black = 41%.} 1-0

[Event "WJCC U20 Open 2019"]
[Site "New Delhi"]
[Date "2019.10.23"]
[Round "9.2"]
[White "Karthikeyan, Murali"]
[Black "Santos Ruiz, Miguel"]
[Result "1/2-1/2"]
[WhiteElo "2617"]
[BlackElo "2560"]
[Annotator "TA"]
[PlyCount "95"]
[EventDate "2019.10.15"]
[EventType "swiss"]
[EventCountry "IND"]
[SourceTitle "playchess.com"]
[Source "ChessBase"]
[SourceQuality "1"]

{[%evp 16,95,16,12,21,10,17,6,31,21,31,21,41,21,26,29,20,28,30,20,37,30,34,22,14,-5,-16,-5,-5,-10,-13,-9,-8,-50,-14,-26,-19,-12,-12,-11,-13,-8,0,0,3,9,7,0,0,0,25,0,0,0,13,0,0,0,0,0,0,0,0,0,0,0,0,0,0,0,0,0,0,0,0,0,0,0,0,0,0,0]} 1. e4 e5 2. Nf3 Nc6 3. Bb5 a6 4. Ba4 Nf6 5. d3 d6 6. c3 g6 7. O-O Bg7 8. Nbd2 O-O 9. Re1 Re8 {C77: Ruy Lopez: 3...a6 4 Ba4 Nf6, unusual lines} 10. h3 (10. Nf1 b5 11. Bb3 Na5 12. Bc2 c5 13. Bg5 h6 14. Bh4 Be6 15. Ne3 Qb6 16. h3 Nh5 17. a3 {½-½ (42) Karthikeyan,M (2591)-Santos Ruiz,M (2523) Stockholm 2018}) 10... b5 11. Bc2 Bb7 12. a4 Nb8 {[%cal Bc6b8,Bb8d7,Bd7c5][%mdl 32]} 13. b4 c5 {[#]} 14. Rb1 $146 ({Predecessor:} 14. bxc5 dxc5 15. Rb1 Bc6 16. Bb2 Nh5 17. g3 {0-1 (55) Ivanchuk,V (2731)-Nakamura,H (2772) Elancourt 2013}) 14... Nbd7 15. c4 bxc4 16. Nxc4 Qc7 17. bxc5 Nxc5 18. Ba3 Rab8 19. Qd2 Nfd7 20. Qa5 Qxa5 21. Nxa5 Ba8 22. Nd2 d5 23. exd5 Bxd5 24. Ne4 (24. Nac4 {seems wilder.} Red8 25. a5 Bc6 26. Rxb8 Rxb8 27. Rb1) 24... Rxb1 25. Rxb1 Bf8 26. Bxc5 Bxc5 27. Nxc5 Nxc5 28. Rb6 Rc8 29. Rd6 Ba2 30. Nc6 {[#] Hoping for Ne7+.} Re8 31. Nb4 Be6 32. a5 ({But not} 32. Nxa6 Nxa6 33. Rxa6 Rc8 $17) 32... Kf8 33. f4 Rb8 {The position is equal.} 34. Nxa6 Rb5 35. Nxc5 Rxc5 $11 {[%mdl 4096] Endgame KRB-KRB} 36. a6 $1 {[%cal Ra6a7]} Ke7 37. a7 Ra5 38. fxe5 Rxa7 39. d4 f6 40. d5 Bg8 41. Bb3 Rb7 42. Bc4 fxe5 43. Ra6 {[#] Black must now prevent d6+.} Kd7 44. Kf2 Rb4 45. Rc6 Bxd5 46. Bxd5 {And now Ra6 would win.} Rd4 47. Bf3 {Threatens to win with Ra6.} e4 48. Bxe4 {Accuracy: White = 65%, Black = 74%.} 1/2-1/2

[Event "WJCC U20 Open 2019"]
[Site "New Delhi"]
[Date "2019.10.23"]
[Round "9.3"]
[White "Bronstein, Or"]
[Black "Hakobyan, Aram"]
[Result "1/2-1/2"]
[WhiteElo "2413"]
[BlackElo "2561"]
[Annotator "TA"]
[PlyCount "64"]
[EventDate "2019.10.15"]
[EventType "swiss"]
[EventCountry "IND"]
[SourceTitle "playchess.com"]
[Source "ChessBase"]
[SourceQuality "1"]

{[%evp 11,64,18,20,8,16,15,13,32,30,27,21,29,28,19,7,19,28,0,2,-14,-5,-18,-13,0,2,-7,0,-49,-45,-48,-47,-77,-48,-40,-18,-39,-8,-36,-16,-20,-19,-21,-32,-29,-35,-19,-22,-39,-9,-15,0,0,4,0,0]} 1. d4 Nf6 2. c4 e6 3. Nf3 b6 4. g3 Ba6 5. Qb3 Nc6 6. Nbd2 Na5 7. Qc3 {Hoping for b4. E15: Queen's Indian: 4 g3 sidelines, 4 g3 Ba6 and 4 g3 Bb7 early deviations} c5 8. dxc5 $1 bxc5 9. e4 Bb7 10. e5 $1 {[%cal Re5f6]} Ne4 11. Nxe4 Bxe4 12. Bg2 Rb8 13. O-O Be7 14. Re1 {[#]} f5 $146 ({Predecessor:} 14... Bg6) 15. b3 Nc6 16. Bb2 O-O 17. Qd2 Rb7 18. Re2 a5 {[%cal Ba7a5,Ba5a4][%mdl 32]} 19. Ne1 {[#] Black must now prevent f3.} (19. Rxe4 $5 fxe4 20. Ne1 $15) 19... Bxg2 20. Nxg2 a4 21. Re3 Qb8 22. Qd1 Rc8 23. Ne1 Nd4 {[%cal Ra4b3]} (23... Rd8 {keeps more tension.} 24. Nf3 g6 25. Rb1 axb3 26. axb3 Bf8) 24. Rb1 (24. Nc2 {looks sharper.} axb3 25. Nxd4 cxd4 26. Rxb3 Rxc4 27. Bxd4 Rxb3 28. axb3 Rc7 29. Ra4) 24... axb3 25. Bxd4 cxd4 {[%mdl 64] [#] Discovered Attack} 26. Rexb3 Rxb3 27. axb3 Qxe5 28. Nf3 Qe4 29. Nxd4 Bc5 30. Nf3 {The position is equal.} Ra8 {And now ...Ra2 would win.} 31. b4 Be7 32. c5 g5 {Accuracy: White = 53%, Black = 62%.} 1/2-1/2

[Event "WJCC U20 Open 2019"]
[Site "New Delhi"]
[Date "2019.10.23"]
[Round "9.4"]
[White "Aravindh, Chithambaram VR."]
[Black "Kollars, Dmitrij"]
[Result "1-0"]
[WhiteElo "2609"]
[BlackElo "2587"]
[Annotator "TA"]
[PlyCount "91"]
[EventDate "2019.10.15"]
[EventType "swiss"]
[EventCountry "IND"]
[SourceTitle "playchess.com"]
[Source "ChessBase"]
[SourceQuality "1"]

{[%evp 25,91,9,10,2,14,18,16,-19,-8,-8,-8,-21,-8,-66,-74,-150,-94,-142,-93,-128,-110,-128,-102,-131,-107,-102,-93,-102,-83,-79,-47,-60,-44,-58,0,0,0,0,30,38,39,26,50,45,78,78,78,75,73,85,82,72,71,69,91,84,147,147,279,300,305,305,312,312,312,312,305,305]} 1. e4 e5 2. Nf3 Nc6 3. Bb5 a6 4. Ba4 Nf6 5. O-O Be7 6. Re1 b5 7. Bb3 d6 8. c3 O-O 9. h3 Bb7 10. d4 Re8 11. Nbd2 Bf8 12. a3 h6 13. Ba2 Nb8 14. Qb3 {C93: Closed Ruy Lopez: Smyslov Variation} Qd7 15. Qc2 c5 16. b3 {The position is equal.} (16. d5 c4 17. b3 cxb3 18. Nxb3 Qc7 19. Bd2 Rc8 20. Rac1 a5 21. Qb1 a4 {½-½ (34) Saric,I (2621)-Vitiugov,N (2724) Helsingor 2017}) 16... cxd4 17. cxd4 exd4 $146 ({Predecessor:} 17... Nc6 18. d5 Ne7 19. b4 Rac8 20. Qd3 g6 21. Nb3 Bg7 22. Nxe5 {½-½ (43) Perenyi,B (2415)-Lukacs,P (2460) Hungary 1986}) 18. Bb2 Nc6 19. Rad1 (19. b4 $11) 19... b4 $15 20. a4 (20. Nc4 $142 Rab8 21. Nb6) 20... Rac8 (20... Ne5 $142 $1 {[%cal Re5f3] Hoping for ...Nxf3+.} 21. Nxd4 d5 22. exd5 Qxd5) 21. Qb1 Qe6 22. Qa1 Nh5 $1 23. Bb1 Nf4 24. Kh2 Ne5 25. Bxd4 Qg6 {[%csl Gf4][%cal Rg6g2]} 26. Nh4 Qh5 (26... Qf6 {keeps more tension.} 27. Ndf3 g6 28. Qb2 Ne6 29. Bxe5 dxe5 30. Qxe5 Qxe5+ 31. Nxe5 Rc3) 27. Bxe5 Qxe5 28. Qxe5 dxe5 ({But not} 28... Rxe5 $6 29. Nc4 $14) 29. Nc4 Bc5 (29... Rc5 $15) 30. Nf5 $11 {And now Nfd6 would win.} Rc7 31. Nfd6 $36 {[%mdl 2048] White has good play.} Bxd6 32. Rxd6 Bc8 33. Rb6 Be6 34. Nxe5 Rc3 35. Re3 Rc1 36. Bd3 Bxb3 37. Bxa6 Bxa4 38. Rxb4 {Strongly threatening Nxf7.} Rxe5 39. Rxa4 Rc2 40. Rf3 Ne6 {[#]} (40... g5 $142) 41. Bc4 $1 $16 Ng5 {[#]} (41... g5 $16 {was necessary.} 42. Bd5 Rc7 43. Ra8+ Kg7) 42. Bxf7+ $1 $18 {[%mdl 512] White has a decisive advantage.} Nxf7 43. Ra8+ Kh7 {aiming for ...Ng5.} 44. Rxf7 Rxe4 45. Raa7 Kh8 46. f3 {Accuracy: White = 71%, Black = 70%.} ({Resist} 46. Rxg7 Rxf2 47. Rg6 h5 $18) 1-0

[Event "WJCC U20 Open 2019"]
[Site "New Delhi"]
[Date "2019.10.23"]
[Round "9.5"]
[White "Drygalov, Sergey"]
[Black "Sargsyan, Shant"]
[Result "0-1"]
[WhiteElo "2470"]
[BlackElo "2580"]
[Annotator "TA"]
[PlyCount "94"]
[EventDate "2019.10.15"]
[EventType "swiss"]
[EventCountry "IND"]
[SourceTitle "playchess.com"]
[Source "ChessBase"]
[SourceQuality "1"]

{[%evp 20,144,58,47,41,28,57,46,35,43,45,24,21,22,24,23,12,0,35,25,28,0,46,45,35,38,43,30,35,62,56,0,0,-10,-16,-100,-78,-105,-72,-62,-62,-150,-159,-152,-141,-140,-64,-230,-228,-228,-219,-210,-200,-306,-307,-335,-328,-317,-248,-250,0,-327,-318,-457,-437,-436,-307,-389,-383,-476,-379,-385,-368,-355,-308,-312,-225,-225,-225,-225,-225,-225,-225,-283,-158,-154,-110,-322,0,-403,-391,-386,-227,-202,-227,-203,-222,-447,-439,-497,-478,-652,-644,-1072,-937,-1087,-1087,-1032,-915,-997,-997,-2043,-997,-995,-944,-29978,-29977,-29977,-29977,-29982,-29983,-29984,-29985,-29986,-29987,-29988,-29988]} 1. d4 Nf6 2. c4 g6 3. Nc3 Bg7 4. e4 d6 5. Nf3 O-O 6. Be2 Nbd7 7. O-O e5 8. Be3 Ng4 9. Bg5 f6 10. Bc1 Nh6 11. Rb1 Nf7 {E94: King's Indian: Classical: 6 Be2 e5 7 0-0: Various Black 7th moves} 12. b4 (12. dxe5 Ndxe5 13. Nxe5 Nxe5 14. f4 Nc6 15. f5 gxf5 16. exf5 Bd7 17. Qd3 Re8 18. Bd2 Re5 19. Nd5 {1-0 (40) Jakovenko,D (2736)-Sandipan,C (2623) Khanty-Mansiysk 2009}) 12... c6 13. dxe5 dxe5 {White is slightly better.} 14. c5 Qe7 15. Qb3 $146 ({Predecessor:} 15. Nd2 Rd8 16. Qa4 Nf8 17. Nc4 Bd7 18. Be3 Ne6 19. Qb3 {½-½ (58) Baeos,O (2370)-Tempone,M (2460) Mar del Plata 1996}) 15... Re8 16. Be3 Nf8 17. b5 Be6 18. Qa4 Rec8 (18... Bh6 $5 {[%cal Rh6e3]}) 19. bxc6 bxc6 20. Ne1 f5 21. f3 f4 22. Bf2 g5 23. Nd3 h5 24. Nb4 Qe8 25. Na6 (25. Ba6 $14) 25... Qe7 $11 26. Bc4 g4 27. fxg4 (27. Kh1 $11 {keeps the balance.}) 27... Bxc4 $17 28. Qxc4 hxg4 29. Rfd1 Ne6 30. Rd6 ({White should try} 30. Bh4 $1 $15 Qxh4 31. Qxe6) 30... Nxd6 31. cxd6 Qf7 $1 ({Worse is} 31... Qxd6 32. Nc5 $11) 32. Bh4 Bf8 (32... Nd4 $1 $17 33. Qxf7+ Kxf7) 33. Rd1 $2 (33. Rb7 $1 $15 Qxb7 34. Qxe6+ {[%mdl 64] Double Attack} Qf7 35. Qxg4+ Bg7 36. Nb4) 33... Nd4 $19 34. Qxf7+ Kxf7 35. d7 {[#]} Rd8 $1 {[%cal Rd8d7][%mdl 512]} 36. Bxd8 (36. Nc7 {keeps fighting.}) 36... Rxd8 37. Rb1 Rxd7 38. Nb8 Re7 39. Na6 Rd7 40. Nb8 Rd8 41. Rb7+ (41. Na4 $142) 41... Ke6 {aiming for ...Ne2+!} 42. Na6 Rd7 43. Rb8 Kf7 44. a4 Bd6 45. Rb2 Ne6 46. Kf1 Nc5 47. Nb4 Rc7 {Played: Rd7-b7} 0-1

[Event "WJCC U20 Open 2019"]
[Site "New Delhi"]
[Date "2019.10.23"]
[Round "9.6"]
[White "Nigmatov, Ortik"]
[Black "Wang, Shixu B"]
[Result "0-1"]
[WhiteElo "2494"]
[BlackElo "2370"]
[Annotator "TA"]
[PlyCount "92"]
[EventDate "2019.10.15"]
[EventType "swiss"]
[EventCountry "IND"]
[SourceTitle "playchess.com"]
[Source "ChessBase"]
[SourceQuality "1"]

{[%evp 12,92,30,7,15,3,11,7,0,0,0,0,0,0,0,-33,7,0,0,-16,20,16,15,12,16,0,0,0,6,7,12,-37,-29,-27,-27,-27,-26,-27,-35,-8,-14,-96,-93,-122,-115,-123,-129,-197,-143,-130,-145,-141,-135,-135,-135,-142,-106,-140,-140,-147,-155,-161,-154,-257,-257,-277,-277,-291,-291,-349,-332,-379,-385,-600,-593,-1002,-595,-29970,-29971,-29966,-29966,-6023,-5501]} 1. d4 Nf6 2. Nf3 d5 3. c4 e6 4. g3 Bb4+ 5. Bd2 a5 6. Bg2 dxc4 7. O-O O-O {E04: Open Catalan: 5 Nf3} 8. Qc2 (8. Bg5 h6 9. Bxf6 Qxf6 10. a3 Bd6 11. Nc3 Nc6 12. Rc1 e5 13. d5 Nd4 14. Nxd4 exd4 15. Ne4 {0-1 (66) Ding,L (2777)-Wang,H (2709) Huaian 2017}) 8... Bxd2 9. Nbxd2 b5 {The position is equal.} 10. a4 c6 11. b3 cxb3 12. Nxb3 Ba6 13. Nc5 $146 ({Predecessor:} 13. Rfd1 bxa4 {0-1 (47) Drazic,S (2546)-Brunello,S (2497) Skanderborg 2010}) 13... bxa4 14. Rfd1 Bb5 15. Ne5 Na6 16. Nxc6 Qc7 17. Ne5 Rac8 {[%cal Ra6c5]} 18. Qb2 Nxc5 19. Qxb5 Nce4 {[#] And now ...Nc3 would win.} 20. Qd3 Qc2 21. Bxe4 Nxe4 22. Kf1 f6 23. Nd7 Rfd8 $36 {[%mdl 2048] Black fights for an advantage.} 24. Nb6 Rc3 25. Qxc2 Rxc2 26. Nxa4 (26. Ke1 $1 $11) 26... Nd2+ $17 27. Kg2 {intending Nc5.} Rxd4 28. Ra3 e5 29. e3 (29. Rc3 $17 {was worth a try.} Ra2 30. Rc8+ Kf7 31. Rc7+ Kg6 32. Nb6) 29... Rb4 (29... Rdc4 $19 30. Nc3 Kf8) 30. Rc3 Rxc3 31. Nxc3 {[%mdl 4096] Endgame KRN-KRN} Rb2 32. Ra1 Rc2 {[#] Threatens to win with ...Nb3.} 33. Nd5 Ne4 34. Rxa5 Rxf2+ 35. Kg1 Rd2 36. Nb4 Rb2 37. Nd3 (37. Nd5 $17) 37... Re2 $19 38. Ra8+ Kf7 39. Ra3 h5 40. Nb4 Ke6 41. Ra7 g5 42. Ra6+ (42. Ra2 $142 Rxe3 43. Ra6+ Kf5 44. Ra1) 42... Kf5 43. Nd5 {White hopes to continue with h3.} Rd2 44. g4+ Kxg4 45. Nxf6+ Kf3 {[%cal Rd2d1]} 46. Ra1 Rg2+ {Accuracy: White = 41%, Black = 81%.} 0-1

[Event "WJCC U20 Open 2019"]
[Site "New Delhi"]
[Date "2019.10.23"]
[Round "9.7"]
[White "Praggnanandhaa R"]
[Black "Arjun Kalyan"]
[Result "1/2-1/2"]
[WhiteElo "2567"]
[BlackElo "2483"]
[Annotator "TA"]
[PlyCount "196"]
[EventDate "2019.10.15"]
[EventType "swiss"]
[EventCountry "IND"]
[SourceTitle "playchess.com"]
[Source "ChessBase"]
[SourceQuality "1"]

{[%evp 16,196,7,6,6,4,0,11,7,8,5,3,0,1,12,7,4,0,7,0,0,4,6,0,0,-14,-17,-27,-3,0,0,0,0,0,31,15,19,12,27,27,42,28,43,40,39,31,44,35,48,0,42,35,53,39,53,35,35,36,43,35,43,43,52,50,55,42,48,20,50,45,62,62,65,62,63,63,156,63,19,18,16,0,0,0,0,0,0,0,0,0,0,0,0,0,0,-8,0,0,8,8,8,8,8,8,8,8,8,8,8,8,8,8,8,8,8,8,8,8,8,8,8,8,8,8,8,8,8,8,8,8,8,8,8,8,8,8,8,8,8,8,8,8,8,8,8,8,8,0,8,8,14,0,16,8,8,8,8,8,8,0,8,0,8,0,0,0,0,0,0,0,0,0,0,0,8,0,0,0,0,0,0,-8,-8]} 1. Nf3 d5 2. g3 Bg4 3. Bg2 c6 4. c4 e6 5. cxd5 Bxf3 6. Bxf3 cxd5 7. O-O Nc6 8. d4 Nf6 9. Nc3 Be7 {A11: English Opening: 1...c6} 10. e3 O-O 11. Bd2 (11. Qe2 Rc8 12. Rd1 Qd7 13. Bd2 Rfd8 14. Be1 Ne8 15. Rac1 f5 {0-1 (35) Rapport,R (2747)-Carlsen,M (2882) Saint Louis 2019}) 11... Rc8 12. Qe2 Na5 13. Rfd1 Nc4 14. Be1 Nd6 {[#]} 15. Rac1 $146 ({Predecessor:} 15. Bg2 Nfe4 16. Nxe4 Nxe4 17. f3 {1-0 (71) Shimanov,A (2637)-Makhmutov,R (2414) Loo 2014}) 15... Qd7 16. Bg2 Nfe4 17. Nb1 f5 18. f3 Nf6 19. Nc3 {[%cal Bb1c3,Bc3e2,Be2f4][%mdl 32]} Rc6 20. b3 Rfc8 21. Qb2 R8c7 22. Ne2 Qc8 23. Rxc6 Rxc6 24. Rc1 Nd7 25. Rxc6 Qxc6 26. Nf4 Kf7 27. Nd3 g6 28. Bf1 Bg5 29. Bd2 Be7 30. a4 Bd8 31. Be1 Bg5 32. Bd2 Bd8 33. h3 a6 34. Kg2 Qc7 35. Qc3 (35. Be1 {seems wilder.} Bg5 36. Bf2 Be7 37. Be2 Qd8 38. Be1) 35... Qxc3 36. Bxc3 a5 37. g4 b6 38. Be1 Bg5 39. Bg3 Ke7 40. Kf2 Bf6 41. Nf4 Bg5 42. Bd3 Nb8 43. h4 Bxf4 44. Bxf4 fxg4 45. fxg4 $14 {[%mdl 4096] Endgame And now h5 would win. KBB-KNN} Nc6 {[#]} (45... Nd7 $1 $14) 46. Kf3 ({White should play} 46. h5 $1 $16) 46... e5 $1 {[%cal Re5e4]} 47. dxe5 {The position is equal.} Nf7 48. Kg3 Ncxe5 49. Bc2 h6 50. g5 hxg5 $1 51. hxg5 Kd7 52. Kf2 Kc6 53. Kg3 Kc5 54. Kf2 Kb4 55. Ke2 Kc5 56. Kd1 b5 57. axb5 Kxb5 58. Kc1 Kc5 59. Kb2 Kb4 60. Bg3 Nc6 61. Bh4 Nce5 62. Be1+ Kb5 63. Bg3 Nf3 64. Bxg6 N7xg5 65. Bd3+ Kb6 66. Be2 Nd2 67. Bd6 Nde4 68. Be7 Ne6 69. Bg4 Nc7 70. Bf3 Nc5 71. Bd8 N5e6 72. Bf6 Kb5 73. Be5 Kc5 74. Bh5 Nb5 75. Bg4 Nbc7 76. Bh3 Kc6 77. Bf5 Kc5 78. Bg4 Kc6 79. Bh3 Kc5 80. Bf5 Kc6 81. Bg4 Kc5 82. Ka3 d4 83. e4 Kb6 84. Kb2 Kc6 85. Bf5 Kb5 86. Ka3 Kb6 87. Kb2 Kb5 88. Ka3 Kb6 89. Bf6 Nb5+ 90. Kb2 Nc5 91. e5 Nc7 $1 92. Bd8 {[#] aiming for e6.} Kc6 93. Kc2 N7e6 94. Bxa5 {Hoping for b4.} Kd5 95. b4 Nd7 96. b5 Nxe5 97. b6 Nc5 98. Bh3 Nc4 {Accuracy: White = 47%, Black = 68%.} 1/2-1/2